[Event "CZE-ch 2020"]
[Site "Pilsen"]
[Date "2020.08.28"]
[Round "6.31"]
[White "Toman, Ondrej"]
[Black "Janous, Marek"]
[Result "1-0"]
[WhiteElo "2233"]
[BlackElo "1968"]
[Annotator "TA"]
[PlyCount "133"]
[EventDate "2020.08.23"]
[EventType "swiss"]
[EventCountry "CZE"]
[SourceTitle "playchess.com"]
[Source "ChessBase"]
[SourceQuality "1"]

{[%evp 9,133,9,4,-6,18,-2,-1,-4,0,0,16,4,11,-30,-27,-22,-24,-22,34,-53,-48,-35,-42,-121,-121,-147,-139,-127,-127,-131,-140,-132,-90,-91,-47,-55,-51,-55,-50,-59,-17,-12,0,-6,29,16,67,0,0,0,0,-19,0,0,2,0,43,8,52,0,1,8,9,11,527,530,500,493,473,0,0,0,457,457,433,423,649,649,646,643,649,649,637,589,589,589,588,588,585,582,575,574,540,329,329,322,1479,657,1577,652,29975,29976,29975,29977,29977,29978,29978,29979,29979,29980,29981,29981,29982,29980,29981,29982,29983,29983,29983,29982,29984,29985,29985,29986,29986,29986]} 1. d4 d5 2. Bf4 e6 3. e3 Bd6 4. Nf3 c5 5. c3 Nc6 6. Bg3 {D02: 1 d4 d5 2 Nf3 sidelines, including 2...Nf6 3 g3 and 2...Nf6 3 Bf4.} Nge7 7. Nbd2 O-O 8. Bd3 {The position is equal.} c4 9. Bc2 f5 {[#]} 10. b3 $146 ({Predecessor:} 10. Ne5 Nxe5 11. dxe5 Bc5 12. Nf3 Nc6 13. b4 Bb6 14. a4 a5 15. b5 Nb8 16. Nd4 {½-½ (69) Peyrer,K (2260)-Vorisek,J (2090) Bratislava 2019}) 10... b5 {[%cal Bb7b5,Bb5b4,Bb4c3][%mdl 32]} 11. a4 b4 12. bxc4 bxc3 13. Nb1 Bb4 ({Better is} 13... Bxg3 $11 14. hxg3 Qa5) 14. cxd5 (14. c5 $14) 14... Nxd5 $15 {aiming for ...Ba6.} 15. O-O Ba6 $36 {[%mdl 2048] Hoping for ...f4. Black is more active.} 16. Bd3 (16. Re1 $1 $15) 16... Qb6 $17 17. Ne1 Rac8 18. Nc2 Be7 19. Nba3 Bxd3 20. Qxd3 Ncb4 21. Qb5 a6 (21... Rfd8 {feels hotter.} 22. f3 a5 23. Qe2 Bg5 24. Rfe1 Qc6) 22. Qxb6 Nxb6 23. Nxb4 Bxb4 24. Nc2 Be7 25. Rfb1 Nd5 26. Kf1 Rc6 27. Ke2 Rfc8 ({Black should play} 27... g5 $11) 28. Be5 (28. a5 $1 $14) 28... Rb6 $11 29. Rxb6 Nxb6 30. Bg3 Nd5 31. Kd3 a5 32. f3 Kf7 33. Rb1 (33. e4 $5 {[%cal Re4d5]} Nb4+ 34. Nxb4 axb4 35. Kc2 $14) 33... Rc6 34. Rb7 ({White should try} 34. Rb5 $14) 34... Nb4+ 35. Nxb4 axb4 {[%mdl 4096] Endgame KRB-KRB} 36. Kc2 {Threatens to win with Bh4.} Ra6 $2 {[%mdl 8192] [#]} (36... Ke8 $11 {and Black has nothing to worry.}) 37. Bh4 $1 $18 Rxa4 38. Bxe7 {KRB-KR} Ra2+ 39. Kc1 Ra1+ 40. Kc2 Ra2+ {Black is on the road to losing.} 41. Kb1 Rxg2 42. Bxb4+ Kg6 (42... Kg8 $142 43. Bxc3 Rxh2) 43. Bxc3 Re2 44. d5 {[#] And now d6 would win.} exd5 45. Rxg7+ Kh6 46. Rd7 Kg6 47. Rd6+ Kf7 48. Rxd5 Rxe3 49. Rxf5+ Ke6 50. Rf6+ Ke7 51. Rc6 Rxf3 52. h4 Rf4 $2 (52... Kd7) 53. Rh6 Rf7 54. Kc2 Kf8 55. Rf6 {White mates.} Rxf6 56. Bxf6 {KB-KP} Kf7 57. Bd8 Ke6 58. Kd3 Kf5 59. Ke3 Ke5 60. Kf3 Kf5 61. Bc7 Kg6 62. Kg4 Kh6 63. Bb6 Kg6 64. Be3 Kf6 65. Kh5 Kf7 66. Kh6 Kg8 67. Bd4 {Accuracy: White = 83%, Black = 60%.} 1-0

[Event "CZE-ch 2020"]
[Site "Pilsen"]
[Date "2020.08.28"]
[Round "6.32"]
[White "Simek, Petr"]
[Black "Malinovsky, Petr"]
[Result "1-0"]
[WhiteElo "2324"]
[BlackElo "2081"]
[Annotator "ChessBase"]
[PlyCount "71"]
[EventDate "2020.08.23"]
[EventType "swiss"]
[EventCountry "CZE"]
[SourceTitle "playchess.com"]
[Source "ChessBase"]
[SourceQuality "1"]
[TimeControl "40/5400+30:1800+30"]

1. c4 {[%emt 0:00:00]} e6 {[%emt 0:00:00]} 2. Nc3 {[%emt 0:00:00]} d5 {[%emt 0:00:00]} 3. d4 {[%emt 0:00:00]} a6 {[%emt 0:00:26]} 4. cxd5 {[%emt 0:01:07]} exd5 {[%emt 0:00:07]} 5. Qb3 {[%emt 0:00:14]} c6 {[%emt 0:01:03]} 6. e4 {[%emt 0:08:02]} dxe4 {[%emt 0:03:46]} 7. Bc4 {[%emt 0:00:15]} Qe7 {[%emt 0:04:25]} 8. a4 {[%emt 0:01:04]} Nf6 {[%emt 0:06:21]} 9. Bg5 {[%emt 0:03:10]} Be6 {[%emt 0:08:57]} 10. Bxe6 {[%emt 0:04:07]} fxe6 {[%emt 0:00:34]} 11. Nge2 {[%emt 0:00:13]} h6 {[%emt 0:02:05]} 12. Bxf6 {[%emt 0:12:53]} gxf6 {[%emt 0:00:10]} 13. O-O {[%emt 0:00:07]} f5 {[%emt 0:05:11]} 14. Nf4 {[%emt 0:01:04]} Kf7 {[%emt 0:00:34]} 15. Nxe6 {[%emt 0:01:03]} Qxe6 {[%emt 0:03:29]} 16. Qxb7+ {[%emt 0:00:07]} Nd7 {[%emt 0:01:20]} 17. Qxa8 {[%emt 0:00:12]} Bg7 {[%emt 0:00:46]} 18. Qxa6 {[%emt 0:05:48]} Bxd4 {[%emt 0:07:05]} 19. Rad1 {[%emt 0:00:07]} c5 {[%emt 0:06:37]} 20. Qxe6+ {[%emt 0:06:13]} Kxe6 {[%emt 0:00:12]} 21. Ne2 {[%emt 0:00:06]} Be5 {[%emt 0:06:31]} 22. b3 {[%emt 0:00:18]} Rb8 {[%emt 0:01:51]} 23. Rb1 {[%emt 0:00:10]} Nf6 {[%emt 0:00:48]} 24. Rfc1 {[%emt 0:04:01]} Bd6 {[%emt 0:02:30]} 25. Nc3 {[%emt 0:07:55]} Ng4 {[%emt 0:04:59]} 26. h3 {[%emt 0:00:11]} Ne5 {[%emt 0:00:04]} 27. Rd1 {[%emt 0:04:03]} Rg8 {[%emt 0:03:46]} 28. Nb5 {[%emt 0:01:53]} Bb8 {[%emt 0:05:05]} 29. a5 {[%emt 0:00:44]} f4 {[%emt 0:03:42]} 30. Kh1 {[%emt 0:06:36]} Nd3 {[%emt 0:00:54]} 31. Rd2 {[%emt 0:00:15]} Nb4 {[%emt 0:02:45]} 32. Re1 {[%emt 0:00:53]} Ke5 {[%emt 0:03:02]} 33. Nc3 {[%emt 0:00:47]} e3 {[%emt 0:00:17]} 34. fxe3 {[%emt 0:00:07]} f3 {[%emt 0:00:06]} 35. gxf3 {[%emt 0:00:50]} Rg3 {[%emt 0:00:24]} 36. f4+ {[%emt 0:00:11]} 1-0

[Event "CZE-ch 2020"]
[Site "Pilsen"]
[Date "2020.08.28"]
[Round "6.33"]
[White "Nagy, Ladislav"]
[Black "Pokrupa, Marek"]
[Result "1-0"]
[WhiteElo "2150"]
[BlackElo "2164"]
[Annotator "TA"]
[PlyCount "65"]
[EventDate "2020.08.23"]
[EventType "swiss"]
[EventCountry "CZE"]
[SourceTitle "playchess.com"]
[Source "ChessBase"]
[SourceQuality "1"]

{[%evp 24,65,9,0,0,0,21,10,72,70,90,90,75,86,101,100,104,88,105,106,121,105,95,57,54,64,148,147,206,205,322,315,236,256,623,625,665,665,625,623,617,617,5165,1213]} 1. e4 c5 2. Nf3 g6 3. d4 cxd4 4. Nxd4 Bg7 5. Nc3 Nc6 6. Be3 Nf6 7. Nxc6 bxc6 8. e5 Nd5 9. Nxd5 cxd5 10. Qxd5 Rb8 11. Bc4 O-O 12. O-O Qc7 13. f4 d6 {B34: Sicilian: Accelerated Dragon with 5 Nc3: sidelines.} 14. Bb3 dxe5 15. fxe5 {[%cal Rf1f7] [#]} Bb7 $146 {[#]} (15... Be6 $11 16. Qc5 Qxc5 17. Bxc5 Bxe5) ({Predecessor:} 15... Qxe5 16. Qxe5 Bxe5 17. Bxa7 Rb7 18. Bc5 Bxb2 19. Rae1 Bf6 20. Rxf6 exf6 21. Bxf8 Kxf8 {½-½ (35) Mitrovic,D (2132)-Stefanovic,V (2162) Serbia 2012}) 16. Qc5 $1 $16 {[%cal Rc5c7]} Qxe5 17. Qxe5 Bxe5 18. Bxa7 Ra8 19. Bc5 $36 {[%mdl 2048] Black is under strong pressure.} Bxb2 20. Rad1 Bf6 {[#]} 21. Rxf6 $1 {[%mdl 512]} exf6 22. Bxf8 Rxf8 {[%mdl 4096] Endgame KRB-KRB} 23. Rd7 Bc8 $1 {[%cal Rc8d7]} 24. Rc7 Kg7 {[#]} (24... Be6 $14) 25. a4 $1 {[%cal Ba2a4,Ba4a5,Ba5a6,Ba6a7][%mdl 32]} f5 (25... Bf5 $16 26. Bd5 Rc8 27. Rxf7+ Kh6) 26. a5 $18 Kf6 {[#]} (26... f4 $142 27. Kf2 g5) 27. a6 $1 {[%mdl 512]} Be6 (27... Bxa6 28. Rc6+) 28. a7 h5 $2 (28... Ke5 29. Bxe6 fxe6 30. Rxh7 Kd4) 29. c4 {White is clearly winning.} Ke5 30. Bd1 Kd6 {Threatens to win with ...Bd5.} 31. Rb7 {Hoping for Rb8.} Ra8 32. Bf3 Bxc4 {[#] Now ...Bd5 and Black clings on.} 33. Rd7+ $1 {[%mdl 576] Discovered Attack, Promotion. Accuracy: White = 95%, Black = 36%.} 1-0

[Event "CZE-ch 2020"]
[Site "Pilsen"]
[Date "2020.08.28"]
[Round "6.34"]
[White "Jezek, Jan"]
[Black "Kures, Michael"]
[Result "0-1"]
[WhiteElo "2162"]
[BlackElo "2019"]
[Annotator "NA"]
[PlyCount "76"]
[EventDate "2020.08.23"]
[EventType "swiss"]
[EventCountry "CZE"]
[SourceTitle "playchess.com"]
[Source "ChessBase"]
[SourceQuality "1"]
[TimeControl "40/5400+30:1800+30"]

1. e4 {[%emt 0:00:00]} c5 {[%emt 0:00:00]} 2. c3 {[%emt 0:00:00]} d5 {[%emt 0:00:00]} 3. d3 {[%emt 0:00:00]} Nc6 {[%emt 0:02:39]} 4. Nd2 {[%emt 0:00:28]} Nf6 {[%emt 0:00:41]} 5. Ngf3 {[%emt 0:00:26]} e5 {[%emt 0:02:57]} 6. Be2 {[%emt 0:00:17]} Be7 {[%emt 0:00:56]} 7. O-O {[%emt 0:00:12]} O-O {[%emt 0:00:04] B29: Sicilian: 2 Nf3 Nf6 (Nimzowitsch Variation).} 8. Re1 {[%emt 0:01:57]} d4 {[%emt 0:01:58]} 9. Nc4 {[%emt 0:07:12]} Nd7 {[%emt 0:01:52]} 10. a4 {[%emt 0:00:46] [#]} f6 $146 {[%emt 0:00:54]} ({Predecessor:} 10... b6 11. Bd2 Ba6 12. Qb3 Rb8 13. h3 Re8 14. Qa2 h6 15. Rac1 Bf8 16. g3 Rb7 {½-½ (51) Sakr,N (2150)-Bouaziz,S (2338) Beirut 2014}) 11. a5 {[%emt 0:07:36]} Kh8 {[%emt 0:00:58]} 12. Bd2 {[%emt 0:04:02]} b5 {[%emt 0:02:25]} 13. axb6 $1 {[%emt 0:01:44]} Nxb6 {[%emt 0:00:17]} 14. Nxb6 {[%emt 0:02:21]} Qxb6 {[%emt 0:00:08]} 15. Qc1 {[%emt 0:20:01]} Rb8 {[%emt 0:02:06]} 16. Ra2 {[%emt 0:07:08]} Be6 {[%emt 0:02:52]} 17. c4 {[%emt 0:00:07]} Rb7 {[%emt 0:07:07]} 18. Qa1 {[%emt 0:02:16]} Qc7 {[%emt 0:03:03]} 19. Bd1 {[%emt 0:05:18]} Rfb8 {[%emt 0:15:05]} 20. h3 $15 {[%emt 0:05:08]} Bd6 {[%emt 0:03:07]} 21. b3 {[%emt 0:06:27]} Re8 {[%emt 0:02:30]} 22. Ra3 {[%emt 0:05:35]} Qd7 {[%emt 0:04:01]} 23. Nh2 {[%emt 0:00:59]} f5 {[%emt 0:00:30]} 24. Bf3 {[%emt 0:03:45]} f4 {[%emt 0:00:55]} 25. Qd1 {[%emt 0:00:14]} Reb8 {[%emt 0:01:47]} 26. Bg4 {[%emt 0:00:44]} Bxg4 {[%emt 0:00:39]} 27. hxg4 {[%emt 0:00:29]} Rb6 {[%emt 0:01:28]} 28. Qc2 {[%emt 0:01:14]} Be7 {[%emt 0:01:12]} 29. Rb1 {[%emt 0:01:09]} Kg8 {[%emt 0:00:24]} 30. Qa2 {[%emt 0:01:27]} Qe8 {[%emt 0:03:03]} 31. Ra6 {[%emt 0:01:52]} h5 {[%emt 0:00:42]} 32. Rxb6 {[%emt 0:00:31]} Rxb6 {[%emt 0:00:06]} 33. gxh5 {[%emt 0:02:51]} Qxh5 {[%emt 0:00:22]} 34. f3 {[%emt 0:02:31]} Nb4 {[%emt 0:09:03]} 35. Bxb4 {[%emt 0:01:55]} Rh6 {[%emt 0:00:54]} 36. g4 {[%emt 0:06:29]} fxg3 {[%emt 0:00:11]} 37. Be1 {[%emt 0:00:16]} gxh2+ {[%emt 0:00:12]} 38. Kh1 {[%emt 0:00:08]} Qxf3+ {[%emt 0:00:08]} 0-1

[Event "CZE-ch 2020"]
[Site "Pilsen"]
[Date "2020.08.28"]
[Round "6.35"]
[White "Taus, Martin"]
[Black "Joukl, Zdenek"]
[Result "0-1"]
[WhiteElo "2142"]
[BlackElo "2062"]
[Annotator "TA"]
[PlyCount "153"]
[EventDate "2020.08.23"]
[EventType "swiss"]
[EventCountry "CZE"]
[SourceTitle "playchess.com"]
[Source "ChessBase"]
[SourceQuality "1"]

{[%evp 9,153,2,5,1,12,-4,8,0,0,-1,10,-22,0,-43,-46,-85,0,-46,0,-74,-72,-80,-19,-29,-8,-9,-23,-25,-23,-13,-6,-13,8,0,0,0,8,0,16,8,54,19,13,15,20,0,51,68,63,16,33,0,-16,-42,-44,-106,-99,-115,-106,-104,-110,-190,-184,-254,-245,-382,-397,-381,-330,-451,-431,-554,-444,-419,-430,-399,-313,-895,-880,-1167,-531,-486,-305,-297,-270,-247,-194,-247,-256,-476,-267,-252,-268,-284,-298,-768,-768,-29969,-29970,-29963,-6524,-3755,-437,-434,-409,-406,-241,-406,-383,-1241,-472,-451,-445,-678,-672,-598,-420,-29986,-29987,-29987,-29980,-29982,-29983,-29983,-29984,-29996,-6270,-6270,-6095,-974,-628,-735,0,-29996,-29989,-29989,-29968,-29966,-29961,-29989,-29990,-29992,-29991,-29991,-29992,-29993]} 1. d4 d5 2. Nc3 Nf6 3. Bf4 Bf5 4. e3 e6 5. Bd3 Bg6 6. Nf3 {D00: 1 d4 d5: Unusual lines.} Be7 7. Ne5 {[#]} Nh5 $146 ({Predecessor:} 7... a6 8. Qf3 Nbd7 9. Nxg6 hxg6 10. e4 dxe4 11. Nxe4 Nd5 12. Bd2 Nb4 13. Bxb4 Bxb4+ {1-0 (57) Schroeder,K (2244)-Braun,J (2177) Ditzingen 2015}) 8. Nxg6 {The position is equal.} hxg6 9. Be5 c6 10. Qf3 Nd7 11. O-O-O Nhf6 12. Bf4 Nh5 13. Be5 $1 Nhf6 14. Bg3 (14. Bf4 $11 {remains equal.}) 14... Qa5 $17 15. Kb1 b5 (15... Ba3 $17 {Threatens to win with ...Bxb2!} 16. Ne2 Qb6) 16. Ne2 Qb6 17. e4 dxe4 18. Bxe4 Nxe4 19. Qxe4 Nf6 20. Qf3 a5 21. c3 Rd8 22. Be5 Qa6 23. Rc1 Kf8 24. h4 Nd7 25. Bc7 (25. Nf4 {is interesting.} Nxe5 26. dxe5 Ke8 27. g3 Rb8 28. h5) 25... Rc8 26. h5 {White wants to mate with hxg6.} g5 27. Be5 Nxe5 (27... c5 $11) 28. dxe5 $14 c5 29. Ng3 Qc6 30. Ne4 Qd5 31. Rhe1 Qxe5 32. Ng3 {Black continues to play with concentration.} ({Better is} 32. g4 $15) 32... Qf4 $17 33. Qb7 Re8 34. Rc2 b4 35. c4 (35. Rd1 $17 {was worth a try.}) 35... a4 $19 36. Re3 (36. Rd1 {was called for.}) 36... Qd4 37. Ne4 (37. Re1 {was necessary.}) 37... Rxh5 38. Re1 a3 39. bxa3 bxa3 {aiming for ...Qe5.} 40. Qa7 Qe5 41. Qxa3 f5 42. Qc3 Rb8+ 43. Ka1 $2 (43. Kc1 Qf4+ 44. Nd2) 43... Qc7 44. Ng3 Rh4 (44... Rh6 $142 {...Bf6 is the strong threat.} 45. Qd3 Bf6+ 46. Rc3 Rh2) 45. Rxe6 Rb6 46. Rxb6 Qxb6 47. Qb3 Qd6 48. Kb1 {[#]} (48. a3 {keeps fighting.}) 48... Bf6 $1 49. Rc1 $2 (49. Re2) 49... g6 (49... Qe5 $142 50. a4 Rf4) 50. Rd1 Rd4 51. Rxd4 Qxd4 52. a4 $2 (52. Ne2 Qe4+ {[%mdl 64] Double Attack} 53. Qc2 Qxg2 54. Nc3) 52... Qxf2 53. Qb5 Qg1+ 54. Kc2 Qxg2+ {[%mdl 64] [#] Double Attack} 55. Kd1 Qf3+ (55... Qxg3 $142 56. Qxc5+ Kg7) 56. Ne2 Qd3+ 57. Ke1 Qe3 (57... Qd6 $142 {White must now prevent ...g4.} 58. Qa5 g4) 58. Kf1 $2 (58. Qc6 Kg7 59. Qb7+ Be7 60. a5) 58... g4 {And now ...Qf3+ would win.} 59. a5 $2 (59. Qb8+ Kf7 60. Qb7+ Be7 61. Qg2) 59... Kg7 (59... Qf3+ $142 60. Ke1 Qh1+ 61. Kd2 Bg5+ 62. Kc2 Qe4+ {[%mdl 64] Double Attack} 63. Kb3 Qxe2 64. Qxc5+ Be7) 60. Qb7+ Kh6 61. a6 (61. Qh1+ $142 Kg5 62. Qg1 Qf3+ 63. Qf2 Qh1+ 64. Qg1 Qf3+ 65. Qf2 Qh1+ 66. Qg1 Qh3+ 67. Qg2) 61... Bh4 {[%csl Gh4][%cal Re3f2]} 62. Qg2 {intending a7.} Qa3 {( -> ...Qa1+)} 63. Qb7 (63. Qh1 $19 Kg5 64. Qa8 Qh3+ 65. Qg2) 63... Qa1+ 64. Kg2 Qe1 65. Ng1 Bf2 {[%csl Gf2][%cal Re1g1]} 66. Nf3 gxf3+ 67. Kxf3 Qe3+ (67... Bg1 $142 68. Qg7+ Kxg7 69. Kg2 Qf2+ 70. Kh3 Qh2#) 68. Kg2 Qg3+ 69. Kf1 Qg1+ 70. Ke2 Qe1+ 71. Kf3 Bh4 {[%csl Gh4][%cal Re1f2] Black mates.} 72. Kg2 f4 73. Qf3 Qd2+ 74. Kh3 Bg3 75. Qh1 Qd7+ 76. Kg2+ Kg5 77. Qf1 {Accuracy: White = 37%, Black = 68%.} 0-1

[Event "CZE-ch 2020"]
[Site "Pilsen"]
[Date "2020.08.28"]
[Round "6.36"]
[White "Kopriva, Martin"]
[Black "Babula ml., Vlastimil"]
[Result "1-0"]
[WhiteElo "2079"]
[BlackElo "2138"]
[Annotator "TA"]
[PlyCount "81"]
[EventDate "2020.08.23"]
[EventType "swiss"]
[EventCountry "CZE"]
[SourceTitle "playchess.com"]
[Source "ChessBase"]
[SourceQuality "1"]

{[%evp 14,80,54,39,93,87,84,87,108,103,174,174,174,170,174,174,194,192,216,88,188,167,167,160,167,167,167,167,167,167,167,167,167,161,178,171,253,226,237,233,387,372,489,427,442,535,517,482,495,366,502,548,510,339,358,311,500,493,965,933,1191,1191,29988,29989,2903,2515,29997,29998,29999]} 1. d4 Nf6 2. c4 g6 3. Nc3 Bg7 4. e4 d6 5. f4 O-O 6. Nf3 c5 7. d5 a6 8. a4 Qc7 {E76: King's Indian: Four Pawns Attack: Lines specific to 6 Nf3 move-order.} ({Black should try} 8... e6 $14) 9. Be2 $16 Bg4 10. O-O Bxf3 {White is better.} 11. Bxf3 {[#]} e5 $146 {[#]} (11... e6 $16 {might work better.}) ({Predecessor:} 11... e6 12. Re1 exd5 13. cxd5 Nbd7 14. e5 Ne8 15. e6 fxe6 16. dxe6 Bd4+ 17. Be3 Bxc3 18. exd7 Bxe1 19. dxe8=Q Raxe8 20. Bd5+ Kg7 21. Qxe1 Qe7 {1-0 (40) Briquet,J (2094)-Buono,F (1950) Checy 2002}) 12. f5 $1 $18 h6 13. Qe1 Qe7 14. Qg3 Kh7 15. Qh3 Ng8 16. g4 (16. Be2 $18 {is more deadly.}) 16... g5 (16... Bf6 $16) 17. Qg3 Nd7 18. Kg2 Bf6 19. Rh1 Rfb8 20. Be3 Qd8 21. Qf2 Be7 22. Qd2 Kg7 23. Ne2 {[%cal Bc3e2,Be2g3,Bg3f5][%mdl 32]} Kh7 24. Ng3 b6 (24... b5 $142) 25. f6 Bxf6 26. Nf5 Nf8 $2 {[#]} (26... Ne7 27. Nxd6 Ng6) 27. h4 $1 {[%mdl 512]} gxh4 28. Bxh6 Ng6 29. Be3 N8e7 30. g5 Bg7 31. Bh5 Kg8 32. Qf2 Qd7 33. Raf1 {Nxe7+ is the strong threat.} Rf8 34. Nxh4 b5 $2 (34... Qxa4 {was called for.} 35. Nf5 Nxf5 36. Qxf5 Ra7) 35. Nf5 Nf4+ (35... Nxf5 $142 36. exf5 Nf4+ 37. Bxf4 Qxf5) 36. Bxf4 exf4 37. Nxg7 Kxg7 38. Qxf4 Ng8 39. Bg4 Qd8 40. Qf5 {[%csl Gf5][%cal Rh1h7]} Ne7 41. Qh7# {Accuracy: White = 86%, Black = 47%.} 1-0

[Event "CZE-ch 2020"]
[Site "Pilsen"]
[Date "2020.08.28"]
[Round "6.37"]
[White "Benes, Miroslav"]
[Black "Placer, Sebastian"]
[Result "0-1"]
[WhiteElo "2011"]
[BlackElo "2097"]
[Annotator "ChessBase"]
[PlyCount "140"]
[EventDate "2020.08.23"]
[EventType "swiss"]
[EventCountry "CZE"]
[SourceTitle "playchess.com"]
[Source "ChessBase"]
[SourceQuality "1"]
[TimeControl "40/5400+30:1800+30"]

1. Nf3 {[%emt 0:00:00]} Nf6 {[%emt 0:00:00]} 2. c4 {[%emt 0:00:00]} g6 {[%emt 0:00:00]} 3. Nc3 {[%emt 0:00:29]} d5 {[%emt 0:00:03]} 4. cxd5 {[%emt 0:01:23]} Nxd5 {[%emt 0:00:04]} 5. e4 {[%emt 0:00:12]} Nxc3 {[%emt 0:00:46]} 6. dxc3 {[%emt 0:00:08]} Qxd1+ {[%emt 0:00:04]} 7. Kxd1 {[%emt 0:00:13]} f6 {[%emt 0:00:18]} 8. Be3 {[%emt 0:00:38]} e5 {[%emt 0:00:49]} 9. Nd2 {[%emt 0:01:47]} Be6 {[%emt 0:01:38]} 10. Bc4 {[%emt 0:00:18]} Kf7 {[%emt 0:00:02]} 11. Kc2 {[%emt 0:01:58]} Nd7 {[%emt 0:02:21]} 12. b4 {[%emt 0:00:17]} c6 {[%emt 0:00:34]} 13. Rhd1 {[%emt 0:12:28]} Bd6 {[%emt 0:04:45]} 14. Bxe6+ {[%emt 0:12:29]} Kxe6 {[%emt 0:00:06]} 15. Nc4 {[%emt 0:04:40]} Bc7 {[%emt 0:00:05]} 16. Rd3 {[%emt 0:02:51]} f5 {[%emt 0:13:38]} 17. exf5+ {[%emt 0:16:41]} gxf5 {[%emt 0:00:24]} 18. Re1 {[%emt 0:01:27]} Rhg8 {[%emt 0:22:32]} 19. g3 {[%emt 0:01:55]} b5 {[%emt 0:03:17]} 20. Nxe5 {[%emt 0:13:03]} Nxe5 {[%emt 0:19:10]} 21. Bd4 {[%emt 0:01:01]} Rge8 {[%emt 0:04:18]} 22. f4 {[%emt 0:04:13]} Kf6 {[%emt 0:00:32]} 23. Bxe5+ {[%emt 0:00:35]} Bxe5 {[%emt 0:00:12]} 24. fxe5+ {[%emt 0:00:09]} Rxe5 {[%emt 0:00:12]} 25. Rd6+ Ke7 26. Rxe5+ {[%emt 0:02:37]} Kxd6 {[%emt 0:00:00]} 27. Rxf5 {[%emt 0:00:11]} a5 {[%emt 0:00:01]} 28. bxa5 {[%emt 0:01:34]} Rxa5 {[%emt 0:00:02]} 29. Kb3 {[%emt 0:01:07]} Ra7 {[%emt 0:00:59]} 30. Rh5 {[%emt 0:00:44]} Re7 {[%emt 0:01:03]} 31. a4 {[%emt 0:02:59]} bxa4+ {[%emt 0:02:19]} 32. Kxa4 {[%emt 0:00:02]} Rb7 {[%emt 0:02:15]} 33. c4 {[%emt 0:01:18]} c5 {[%emt 0:02:45]} 34. Ka5 {[%emt 0:01:55]} Rb4 {[%emt 0:05:20]} 35. Rh6+ {[%emt 0:04:10]} Ke5 {[%emt 0:00:09]} 36. Rxh7 {[%emt 0:00:12]} Rxc4 {[%emt 0:00:06]} 37. Kb5 {[%emt 0:00:14]} Rc1 {[%emt 0:00:32]} 38. Rh4 {[%emt 0:00:28]} Kd5 {[%emt 0:00:12]} 39. Rh5+ {[%emt 0:00:21]} Kd4 {[%emt 0:00:17]} 40. Rh4+ {[%emt 0:06:19]} Kd5 {[%emt 0:01:13]} 41. Rh5+ {[%emt 0:32:24]} Kd4 {[%emt 0:30:07]} 42. Rh4+ {[%emt 0:00:00]} Kd3 {[%emt 0:00:00]} 43. Rh8 {[%emt 0:00:00]} c4 {[%emt 0:00:00]} 44. Rd8+ {[%emt 0:00:00]} Kc3 {[%emt 0:00:00]} 45. h4 {[%emt 0:00:00]} Kb3 {[%emt 0:00:00]} 46. Kc6 {[%emt 0:00:00]} c3 {[%emt 0:00:00]} 47. Rb8+ {[%emt 0:00:00]} Kc4 {[%emt 0:00:00]} 48. Kd6 {[%emt 0:00:00]} Rg1 {[%emt 0:00:00]} 49. Ke5 {[%emt 0:04:03]} Rxg3 {[%emt 0:00:00]} 50. Kf4 {[%emt 0:01:19]} Rh3 {[%emt 0:00:00]} 51. Kg4 {[%emt 0:00:10]} Rd3 {[%emt 0:00:00]} 52. h5 {[%emt 0:00:07]} Rd4+ {[%emt 0:00:00]} 53. Kg3 {[%emt 0:03:18]} Rd5 {[%emt 0:00:27]} 54. h6 {[%emt 0:01:40]} Rh5 {[%emt 0:01:05]} 55. Rc8+ {[%emt 0:00:20]} Kd3 {[%emt 0:01:49]} 56. Rc6 {[%emt 0:00:14]} c2 {[%emt 0:06:49]} 57. Kg4 {[%emt 0:00:16]} Rxh6 {[%emt 0:00:12]} 58. Rxh6 {[%emt 0:01:20]} c1=Q {[%emt 0:00:02]} 59. Rd6+ {[%emt 0:00:19]} Ke4 {[%emt 0:00:07]} 60. Re6+ {[%emt 0:00:05]} Kd5 {[%emt 0:00:11]} 61. Rf6 {[%emt 0:00:37]} Qg1+ {[%emt 0:00:35]} 62. Kf5 {[%emt 0:00:07]} Qf2+ {[%emt 0:00:06]} 63. Kg6 {[%emt 0:00:09]} Qh4 {[%emt 0:00:21]} 64. Kg7 {[%emt 0:00:23]} Ke5 {[%emt 0:00:21]} 65. Rf7 {[%emt 0:00:44]} Ke6 {[%emt 0:00:16]} 66. Rf8 {[%emt 0:00:48]} Qe7+ {[%emt 0:00:12]} 67. Kg8 {[%emt 0:00:07]} Qd7 {[%emt 0:00:46]} 68. Kh8 {[%emt 0:00:48]} Ke7 {[%emt 0:00:27]} 69. Rf3 {[%emt 0:01:22]} Qd4+ {[%emt 0:00:12]} 70. Kg8 {[%emt 0:00:41]} Qg4+ {[%emt 0:00:01]} 0-1